000 00273nam a22001217a 4500
008 181221b xxu||||| |||| 00| 0 eng d
041 _aeng
080 _a941
100 _a17
101 _aHIS
245 _aThe Making of an American Community
_cCurti, M
942 _2udc
_cBK
999 _c53607
_d53607